[Event "EJCOA Forest Hall IM 2nd"]
[Site "Newcastle"]
[Date "2021.12.20"]
[Round "6.1"]
[White "Blackburn, Jonathan LB"]
[Black "Willow, Jonah B"]
[Result "0-1"]
[WhiteElo "2226"]
[BlackElo "2381"]
[PlyCount "110"]
[EventDate "2021.12.17"]
[EventType "tourn"]
[EventRounds "9"]
[EventCountry "ENG"]
[Tiebreak "Direct encounter+Number of wins+Koya"]
[SourceTitle "BritBase"]
[Source "John Saunders"]
[SourceDate "2021.06.05"]
[SourceVersion "1"]
[SourceVersionDate "2021.06.05"]
[SourceQuality "1"]

1. d4 d5 2. c4 dxc4 3. Nf3 a6 4. e3 Bg4 5. Bxc4 e6 6. h3 Bh5 7. O-O Nc6 8. a3
Nf6 9. b4 Bd6 10. Bb2 O-O 11. Nbd2 Qe7 12. Be2 Rfd8 13. Nc4 Nd5 14. Nfe5 Bxe2
15. Qxe2 Bxe5 16. dxe5 Nb6 17. Nxb6 cxb6 18. b5 Na5 19. Bc3 Qc5 20. Bd4 Qxb5
21. Qxb5 axb5 22. Bxb6 Rd5 23. Bxa5 Rxa5 24. Rfc1 g5 25. Rc7 Ra7 26. e4 Rxe5
27. f3 b4 28. a4 Rea5 29. Rb1 Rxa4 30. Rc4 b5 31. Rc5 Ra1 32. Rxa1 Rxa1+ 33.
Kf2 Ra2+ 34. Kg3 h6 35. Rxb5 Rb2 36. h4 gxh4+ 37. Kxh4 b3 38. Kg3 Kg7 39. Kh3
Rb1 40. Kg3 Kg6 41. Kg4 b2 42. Kg3 h5 43. Kh2 h4 44. f4 Kh6 45. f5 e5 46. f6
Kg6 47. Rb6 Kg5 48. Rb7 Kxf6 49. Rb6+ Kg5 50. Rb7 f6 51. Rb6 Kg4 52. g3 hxg3+
53. Kg2 Kg5 54. Rb3 Kf4 55. Rb4 Ke3 0-1

[Event "EJCOA Forest Hall IM 2nd"]
[Site "Newcastle"]
[Date "2021.12.20"]
[Round "6.2"]
[White "Czopor, Maciej"]
[Black "Bradbury, Neil H"]
[Result "1-0"]
[WhiteElo "2422"]
[BlackElo "2241"]
[PlyCount "33"]
[EventDate "2021.12.17"]
[EventType "tourn"]
[EventRounds "9"]
[EventCountry "ENG"]
[Tiebreak "Direct encounter+Number of wins+Koya"]
[SourceTitle "BritBase"]
[Source "John Saunders"]
[SourceDate "2021.06.05"]
[SourceVersion "1"]
[SourceVersionDate "2021.06.05"]
[SourceQuality "1"]

1. e4 c5 2. Nf3 e6 3. d4 cxd4 4. Nxd4 a6 5. c4 Qc7 6. Nc3 Nf6 7. Be2 Nc6 8. Be3
Bb4 9. O-O O-O 10. Na4 Nxe4 11. Bf3 f5 12. c5 Qe5 13. Nb6 Rb8 14. Nxc6 bxc6 15.
Nc4 Qd5 16. Qc2 Bxc5 17. Rad1 1-0

[Event "EJCOA Forest Hall IM 2nd"]
[Site "Newcastle"]
[Date "2021.12.20"]
[Round "6.3"]
[White "Han, Yichen"]
[Black "Wadsworth, Matthew J"]
[Result "1-0"]
[WhiteElo "2322"]
[BlackElo "2420"]
[PlyCount "75"]
[EventDate "2021.12.17"]
[EventType "tourn"]
[EventRounds "9"]
[EventCountry "ENG"]
[Tiebreak "Direct encounter+Number of wins+Koya"]
[SourceTitle "BritBase"]
[Source "John Saunders"]
[SourceDate "2021.06.05"]
[SourceVersion "1"]
[SourceVersionDate "2021.06.05"]
[SourceQuality "1"]

1. d4 Nf6 2. c4 c6 3. Nf3 d5 4. e3 Bf5 5. Nc3 a6 6. Ne5 Nbd7 7. Qb3 Ra7 8. f3
Be6 9. Nxd7 Bxd7 10. cxd5 cxd5 11. Nxd5 Nxd5 12. Qxd5 e6 13. Qb3 Bd6 14. g3 h5
15. Bg2 h4 16. f4 hxg3 17. hxg3 Rxh1+ 18. Bxh1 Qa5+ 19. Kf2 Bb4 20. Bf3 b6 21.
Qd1 Rc7 22. a3 Be1+ 23. Qxe1 Rc2+ 24. Be2 Qh5 25. e4 e5 26. Bd2 Qh2+ 27. Ke3
exf4+ 28. Kd3 Rc8 29. Bxf4 g5 30. Be5 f5 31. exf5 Bxf5+ 32. Ke3 Rc2 33. g4 Qg2
34. gxf5 Rxb2 35. Rc1 Qh3+ 36. Bg3 Qxf5 37. Bd3 Qg4 38. Rc2 1-0

[Event "EJCOA Forest Hall IM 2nd"]
[Site "Newcastle"]
[Date "2021.12.20"]
[Round "6.4"]
[White "Claridge-Hansen, William"]
[Black "O'Gorman, Tom"]
[Result "1/2-1/2"]
[WhiteElo "2296"]
[BlackElo "2381"]
[PlyCount "28"]
[EventDate "2021.12.17"]
[EventType "tourn"]
[EventRounds "9"]
[EventCountry "ENG"]
[Tiebreak "Direct encounter+Number of wins+Koya"]
[SourceTitle "BritBase"]
[Source "John Saunders"]
[SourceDate "2021.06.05"]
[SourceVersion "1"]
[SourceVersionDate "2021.06.05"]
[SourceQuality "1"]

1. c4 e5 2. g3 Nf6 3. Bg2 c6 4. d4 Bb4+ 5. Bd2 Bxd2+ 6. Qxd2 d6 7. Nc3 O-O 8.
Rd1 Qb6 9. b3 Na6 10. e3 exd4 11. Qxd4 Nb4 12. Qxb6 axb6 13. Rd2 Be6 14. Nge2
d5 1/2-1/2

[Event "EJCOA Forest Hall IM 2nd"]
[Site "Newcastle"]
[Date "2021.12.20"]
[Round "6.5"]
[White "Kanyamarala, Tarun"]
[Black "Eggleston, David J"]
[Result "1/2-1/2"]
[WhiteElo "2377"]
[BlackElo "2349"]
[PlyCount "43"]
[EventDate "2021.12.17"]
[EventType "tourn"]
[EventRounds "9"]
[EventCountry "ENG"]
[Tiebreak "Direct encounter+Number of wins+Koya"]
[SourceTitle "BritBase"]
[Source "John Saunders"]
[SourceDate "2021.06.05"]
[SourceVersion "1"]
[SourceVersionDate "2021.06.05"]
[SourceQuality "1"]

1. d4 Nf6 2. c4 e6 3. Nc3 Bb4 4. e3 O-O 5. Bd2 d5 6. Nf3 c5 7. a3 Bxc3 8. Bxc3
Ne4 9. Rc1 Nxc3 10. Rxc3 cxd4 11. Nxd4 e5 12. Nb3 Be6 13. cxd5 Qxd5 14. Qxd5
Bxd5 15. f3 Nd7 16. Bb5 Rfd8 17. Ke2 Bxb3 18. Rxb3 a6 19. Bxd7 Rxd7 20. Rd1 Re7
21. Rbd3 f6 22. Rd8+ 1/2-1/2

[Event "EJCOA Forest Hall IM 2nd"]
[Site "Newcastle"]
[Date "2021.12.20"]
[Round "7.1"]
[White "Eggleston, David J"]
[Black "Blackburn, Jonathan LB"]
[Result "1/2-1/2"]
[WhiteElo "2349"]
[BlackElo "2226"]
[PlyCount "165"]
[EventDate "2021.12.17"]
[EventType "tourn"]
[EventRounds "9"]
[EventCountry "ENG"]
[Tiebreak "Direct encounter+Number of wins+Koya"]
[SourceTitle "BritBase"]
[Source "John Saunders"]
[SourceDate "2021.06.05"]
[SourceVersion "1"]
[SourceVersionDate "2021.06.05"]
[SourceQuality "1"]

1. e4 e6 2. d4 d5 3. Nd2 c5 4. Ngf3 cxd4 5. exd5 Qxd5 6. Bc4 Qd6 7. O-O Nf6 8.
Nb3 Nc6 9. Nbxd4 Nxd4 10. Nxd4 Be7 11. c3 O-O 12. Qf3 Qc7 13. Bb3 a5 14. a4 Bd7
15. Re1 Bc6 16. Qh3 Be4 17. Bg5 Bg6 18. Qf3 Rfd8 19. Ba2 Kh8 20. Nb5 Qc6 21.
Qxc6 bxc6 22. Nd4 Rdc8 23. Bc4 h6 24. Bf4 Nd5 25. Bg3 Bc5 26. Nf3 Ra7 27. Ne5
Bf5 28. Red1 f6 29. Nd3 Be7 30. Nf4 g5 31. Ne2 Bg6 32. Nd4 Bf7 33. Rd2 Bc5 34.
Re1 Bxd4 35. cxd4 Rd7 36. f3 Kg7 37. Rdd1 f5 38. Be5+ Kg8 39. Rc1 Ra8 40. Bf1
Rb7 41. Rxc6 Rxb2 42. Bc4 Nb4 43. Rd6 Rd2 44. Bxe6 Nd3 45. Bxf7+ Kxf7 46. Rf6+
Ke7 47. Rb1 Rb8 48. Bxb8 Kxf6 49. Bc7 Ra2 50. Bxa5 Rxa4 51. Bb6 Ke6 52. h3 Ra2
53. Bc7 Kd5 54. Be5 Nxe5 55. dxe5 Kxe5 56. Rb6 g4 57. hxg4 fxg4 58. fxg4 Kf4
59. Rxh6 Kxg4 60. Rb6 Kg3 61. Rb3+ Kg4 62. Kh2 Ra6 63. Rb4+ Kg5 64. Kh3 Rh6+
65. Kg3 Ra6 66. Rb5+ Kg6 67. Kh4 Ra4+ 68. g4 Ra6 69. Rb4 Rc6 70. Rb8 Kg7 71.
Kh5 Rh6+ 72. Kg5 Rg6+ 73. Kf5 Rf6+ 74. Ke5 Ra6 75. g5 Kg6 76. Rg8+ Kh7 77. Rf8
Kg6 78. Rf6+ Rxf6 79. gxf6 Kf7 80. Kf5 Kf8 81. Ke6 Ke8 82. f7+ Kf8 83. Kf6
1/2-1/2

[Event "EJCOA Forest Hall IM 2nd"]
[Site "Newcastle"]
[Date "2021.12.20"]
[Round "7.2"]
[White "O'Gorman, Tom"]
[Black "Kanyamarala, Tarun"]
[Result "1-0"]
[WhiteElo "2381"]
[BlackElo "2377"]
[PlyCount "81"]
[EventDate "2021.12.17"]
[EventType "tourn"]
[EventRounds "9"]
[EventCountry "ENG"]
[Tiebreak "Direct encounter+Number of wins+Koya"]
[SourceTitle "BritBase"]
[Source "John Saunders"]
[SourceDate "2021.06.05"]
[SourceVersion "1"]
[SourceVersionDate "2021.06.05"]
[SourceQuality "1"]

1. d4 Nf6 2. c4 e6 3. Nc3 Bb4 4. f3 d5 5. a3 Be7 6. e4 dxe4 7. fxe4 c5 8. d5
exd5 9. exd5 O-O 10. Nf3 Re8 11. Be2 Bf5 12. O-O Bg6 13. Bd3 a6 14. Bg5 Nbd7
15. Qd2 Qc7 16. Bxg6 hxg6 17. Qf2 Rad8 18. Qh4 Nf8 19. Nd2 N8h7 20. Bf4 Qd7 21.
Qf2 b5 22. Rad1 Ng4 23. Qf3 Bf6 24. Nb3 bxc4 25. Nxc5 Qa7 26. b4 cxb3 27. N3a4
Ne5 28. Qxb3 Rb8 29. Qh3 Rbc8 30. Be3 Nc4 31. Bf2 Bg5 32. d6 Ra8 33. d7 Re2 34.
Qd3 Rxf2 35. Rxf2 Nb6 36. Nxb6 Qxb6 37. Qd6 Qxd6 38. Rxd6 Nf8 39. Re2 Rb8 40.
Re8 Bd8 41. Nb7 1-0

[Event "EJCOA Forest Hall IM 2nd"]
[Site "Newcastle"]
[Date "2021.12.20"]
[Round "7.3"]
[White "Wadsworth, Matthew J"]
[Black "Claridge-Hansen, William"]
[Result "1-0"]
[WhiteElo "2420"]
[BlackElo "2296"]
[PlyCount "135"]
[EventDate "2021.12.17"]
[EventType "tourn"]
[EventRounds "9"]
[EventCountry "ENG"]
[Tiebreak "Direct encounter+Number of wins+Koya"]
[SourceTitle "BritBase"]
[Source "John Saunders"]
[SourceDate "2021.06.05"]
[SourceVersion "1"]
[SourceVersionDate "2021.06.05"]
[SourceQuality "1"]

1. Nf3 c5 2. g3 Nc6 3. Bg2 g6 4. c4 Bg7 5. Nc3 d6 6. O-O e6 7. a3 Nge7 8. b4
O-O 9. Rb1 b6 10. Bb2 cxb4 11. axb4 Nxb4 12. Nd4 d5 13. Ba3 a5 14. Nc2 Nbc6 15.
d4 Ba6 16. cxd5 exd5 17. Re1 Rc8 18. Ne3 Nxd4 19. Ncxd5 Nxd5 20. Nxd5 Re8 21.
e3 Nc2 22. Ne7+ Kh8 23. Nxc8 Qxd1 24. Rexd1 Nxa3 25. Nd6 Rb8 26. Rb3 Nc2 27.
Nxf7+ Kg8 28. Rd8+ Rxd8 29. Nxd8 Nb4 30. Nc6 Bc4 31. Rb1 Bc3 32. Nxb4 axb4 33.
Be4 Kf7 34. Rd1 Ke7 35. f4 Be2 36. Rb1 Kd6 37. Kf2 Bc4 38. Rd1+ Kc5 39. Rd7 Ba2
40. Rxh7 b3 41. Rc7+ Kb4 42. Rb7 Kc5 43. Rc7+ Kb4 44. Ra7 Kc4 45. Bxg6 Ba5 46.
Rc7+ Kb4 47. Rc1 b2 48. Rd1 Bb3 49. Rd4+ Ka3 50. Bb1 Bc3 51. Rd3 Kb4 52. g4 Bc4
53. Rd6 b5 54. g5 Kc5 55. Rd8 b4 56. Rc8+ Kd5 57. Rxc4 Kxc4 58. Ke2 Kd5 59. h4
Ke6 60. h5 Kf7 61. h6 Kg8 62. g6 b3 63. Kf3 Kh8 64. Kg4 Kg8 65. e4 Kf8 66. e5
Kg8 67. Kf5 Bd2 68. g7 1-0

[Event "EJCOA Forest Hall IM 2nd"]
[Site "Newcastle"]
[Date "2021.12.20"]
[Round "7.4"]
[White "Bradbury, Neil H"]
[Black "Han, Yichen"]
[Result "0-1"]
[WhiteElo "2241"]
[BlackElo "2322"]
[PlyCount "100"]
[EventDate "2021.12.17"]
[EventType "tourn"]
[EventRounds "9"]
[EventCountry "ENG"]
[Tiebreak "Direct encounter+Number of wins+Koya"]
[SourceTitle "BritBase"]
[Source "John Saunders"]
[SourceDate "2021.06.05"]
[SourceVersion "1"]
[SourceVersionDate "2021.06.05"]
[SourceQuality "1"]

1. d4 d5 2. c4 c6 3. Nf3 Nf6 4. Nc3 e6 5. e3 Nbd7 6. Qc2 Bd6 7. b3 O-O 8. Be2
b6 9. O-O Bb7 10. e4 Nxe4 11. Nxe4 dxe4 12. Qxe4 Re8 13. Bb2 Qe7 14. Rfe1 Rad8
15. Bd3 Nf8 16. Rad1 Ng6 17. Bf1 c5 18. Qe3 Bf4 19. Qe2 Bb8 20. dxc5 Qxc5 21.
g3 Bd6 22. Bg2 e5 23. Nh4 e4 24. Nxg6 hxg6 25. Bd4 Qf5 26. Qb2 Bf8 27. Be3 Be7
28. b4 Qh5 29. Rc1 Bg5 30. Bxg5 Qxg5 31. Re3 Rd7 32. Rce1 f5 33. c5 bxc5 34.
bxc5 Rc8 35. Qe5 Kf7 36. Bf1 Re8 37. Qc3 Bc6 38. h4 Qd8 39. Bc4+ Kf8 40. Bb3
Qc7 41. Qc4 Bd5 42. Qb4 Rb8 43. Qa3 Kg8 44. Bxd5+ Rxd5 45. Rc1 Rbd8 46. Kg2 Qc6
47. Qxa7 Rc8 48. Qe7 Rf8 49. a4 Rf7 50. Qg5 f4 0-1

[Event "EJCOA Forest Hall IM 2nd"]
[Site "Newcastle"]
[Date "2021.12.20"]
[Round "7.5"]
[White "Willow, Jonah B"]
[Black "Czopor, Maciej"]
[Result "1/2-1/2"]
[WhiteElo "2381"]
[BlackElo "2422"]
[PlyCount "90"]
[EventDate "2021.12.17"]
[EventType "tourn"]
[EventRounds "9"]
[EventCountry "ENG"]
[Tiebreak "Direct encounter+Number of wins+Koya"]
[SourceTitle "BritBase"]
[Source "John Saunders"]
[SourceDate "2021.06.05"]
[SourceVersion "1"]
[SourceVersionDate "2021.06.05"]
[SourceQuality "1"]

1. e4 c5 2. Nf3 d6 3. d4 cxd4 4. Nxd4 Nf6 5. Nc3 a6 6. h3 e6 7. g4 b5 8. g5 b4
9. gxf6 bxc3 10. fxg7 Bxg7 11. bxc3 Qc7 12. Bd2 Nd7 13. Rg1 Bf6 14. Bd3 Bb7 15.
Rb1 Ke7 16. Qh5 Rag8 17. Ke2 Nc5 18. Rg4 Rxg4 19. Qxg4 h5 20. Qg2 d5 21. f3 Rh7
22. Rxb7 Nxb7 23. e5 Qxe5+ 24. Kf1 Rg7 25. Nc6+ Ke8 26. Nxe5 Rxg2 27. Kxg2 Bxe5
28. Bxa6 Na5 29. f4 Bc7 30. Kg3 Bd8 31. Be2 Nc4 32. Bxc4 dxc4 33. Be3 f5 34.
Bd4 Kd7 35. Bg7 Ke8 36. a4 Ke7 37. Be5 Kd7 38. Bg7 Ke7 39. Bd4 Kd6 40. Kf3 Kc6
41. Bg7 Kb6 42. Ke3 Kc5 43. Bd4+ Kd5 44. Kf3 Kd6 45. Bg7 Kd7 1/2-1/2

[Event "EJCOA Forest Hall IM 2nd"]
[Site "Newcastle"]
[Date "2021.12.21"]
[Round "8.1"]
[White "Blackburn, Jonathan LB"]
[Black "Czopor, Maciej"]
[Result "0-1"]
[WhiteElo "2226"]
[BlackElo "2422"]
[PlyCount "116"]
[EventDate "2021.12.17"]
[EventType "tourn"]
[EventRounds "9"]
[EventCountry "ENG"]
[Tiebreak "Direct encounter+Number of wins+Koya"]
[SourceTitle "BritBase"]
[Source "John Saunders"]
[SourceDate "2021.06.05"]
[SourceVersion "1"]
[SourceVersionDate "2021.06.05"]
[SourceQuality "1"]

1. d4 Nf6 2. c4 g6 3. f3 Bg7 4. e4 d6 5. Nc3 O-O 6. Be3 a6 7. Qd2 Nbd7 8. h4 c5
9. d5 b5 10. cxb5 Ne5 11. b6 Nh5 12. b7 Bxb7 13. g4 Ng3 14. Rh3 Nxf1 15. Kxf1
Nc4 16. Qe2 Nxe3+ 17. Qxe3 e6 18. Rd1 Bd4 19. Rxd4 cxd4 20. Qxd4 exd5 21. exd5
Qe7 22. Nge2 Rae8 23. h5 Qe5 24. Ne4 f5 25. gxf5 Qxf5 26. Kg2 Qxd5 27. hxg6
Qxd4 28. gxh7+ Kh8 29. Nxd4 Bxe4 30. fxe4 Rxe4 31. Nf3 Re2+ 32. Kg3 Rxb2 33.
Rh6 Rxa2 34. Nh4 Ra3+ 35. Kg2 Rb8 36. Ng6+ Kg7 37. h8=Q+ Rxh8 38. Rxh8 Ra5 39.
Rd8 Rg5+ 40. Kf3 Rxg6 41. Rd7+ Kh6 42. Ke4 Kg5 43. Kd5 a5 44. Ra7 Kf4 45. Kc6
Ke4 46. Rxa5 d5+ 47. Kc5 d4 48. Ra8 Rg1 49. Kc4 Rc1+ 50. Kb3 d3 51. Re8+ Kf3
52. Rd8 Ke2 53. Re8+ Kd2 54. Kb2 Rc7 55. Re6 Rb7+ 56. Ka2 Kd1 57. Re8 d2 58.
Re6 Rb5 0-1

[Event "EJCOA Forest Hall IM 2nd"]
[Site "Newcastle"]
[Date "2021.12.21"]
[Round "8.2"]
[White "Han, Yichen"]
[Black "Willow, Jonah B"]
[Result "1-0"]
[WhiteElo "2322"]
[BlackElo "2381"]
[PlyCount "69"]
[EventDate "2021.12.17"]
[EventType "tourn"]
[EventRounds "9"]
[EventCountry "ENG"]
[Tiebreak "Direct encounter+Number of wins+Koya"]
[SourceTitle "BritBase"]
[Source "John Saunders"]
[SourceDate "2021.06.05"]
[SourceVersion "1"]
[SourceVersionDate "2021.06.05"]
[SourceQuality "1"]

1. e4 e5 2. Nf3 Nc6 3. Bc4 Bc5 4. c3 Nf6 5. d3 O-O 6. Nbd2 a6 7. Bb3 Ba7 8. Nc4
d6 9. Bg5 h6 10. Bh4 Be6 11. Ne3 Na5 12. Bc2 c5 13. h3 g5 14. Nxg5 hxg5 15.
Bxg5 Kg7 16. f4 exf4 17. Rf1 Qe8 18. Bxf4 Bb8 19. d4 Rh8 20. Qf3 cxd4 21. cxd4
Nh5 22. Bg5 Kg8 23. O-O-O Bc7 24. d5 Bd7 25. b4 Bb5 26. Nf5 f6 27. Bxf6 Be2 28.
Qxe2 Nxf6 29. bxa5 Qe5 30. Nd4 Bxa5 31. Rf5 Qg3 32. Rd3 Qh4 33. Rxf6 Qxf6 34.
Rg3+ Kf7 35. Rf3 1-0

[Event "EJCOA Forest Hall IM 2nd"]
[Site "Newcastle"]
[Date "2021.12.21"]
[Round "8.3"]
[White "Claridge-Hansen, William"]
[Black "Bradbury, Neil H"]
[Result "1-0"]
[WhiteElo "2296"]
[BlackElo "2241"]
[PlyCount "129"]
[EventDate "2021.12.17"]
[EventType "tourn"]
[EventRounds "9"]
[EventCountry "ENG"]
[Tiebreak "Direct encounter+Number of wins+Koya"]
[SourceTitle "BritBase"]
[Source "John Saunders"]
[SourceDate "2021.06.05"]
[SourceVersion "1"]
[SourceVersionDate "2021.06.05"]
[SourceQuality "1"]

1. d4 Nf6 2. Bg5 d5 3. Bxf6 exf6 4. e3 Bd6 5. g3 O-O 6. Bg2 c6 7. Ne2 Nd7 8.
O-O f5 9. b3 Nf6 10. c4 Be6 11. Qd3 g6 12. Nbc3 Qa5 13. c5 Be7 14. a3 Qd8 15.
b4 b6 16. cxb6 axb6 17. b5 cxb5 18. Nxb5 Ra5 19. Rfc1 Qd7 20. Rc7 Qxb5 21. Qxb5
Rxb5 22. Rxe7 Rc8 23. Nf4 Kf8 24. Rb7 Rc2 25. Bf1 Rbb2 26. Nd3 Ra2 27. Rxa2
Rxa2 28. Rxb6 Rxa3 29. Rb2 Ne4 30. Kg2 Ra7 31. Ne5 Rc7 32. Bd3 Nd6 33. Rb6 Nc4
34. Rb8+ Ke7 35. Nf3 h6 36. Rh8 Kf6 37. Ra8 Rb7 38. Ra2 Rb3 39. Ne1 g5 40. Bc2
Rb2 41. Rxb2 Nxb2 42. f4 Nc4 43. Kf2 g4 44. Bb3 Nd2 45. Ba2 Ne4+ 46. Kg2 Ke7
47. Nd3 Kd6 48. Ne5 f6 49. Ng6 Bd7 50. Bb1 Be8 51. Nh4 Bd7 52. Bxe4 fxe4 53.
Kf2 Bc8 54. Ke2 Bd7 55. Kd2 Bc8 56. Kc3 Bd7 57. Kb4 h5 58. Ka5 Kc7 59. Ka6 Bc8+
60. Kb5 Kd6 61. Kb6 Bd7 62. Ng2 Be6 63. Ne1 Bd7 64. Nc2 Ba4 65. Na3 1-0

[Event "EJCOA Forest Hall IM 2nd"]
[Site "Newcastle"]
[Date "2021.12.21"]
[Round "8.4"]
[White "Kanyamarala, Tarun"]
[Black "Wadsworth, Matthew J"]
[Result "1/2-1/2"]
[WhiteElo "2377"]
[BlackElo "2420"]
[PlyCount "45"]
[EventDate "2021.12.17"]
[EventType "tourn"]
[EventRounds "9"]
[EventCountry "ENG"]
[Tiebreak "Direct encounter+Number of wins+Koya"]
[SourceTitle "BritBase"]
[Source "John Saunders"]
[SourceDate "2021.06.05"]
[SourceVersion "1"]
[SourceVersionDate "2021.06.05"]
[SourceQuality "1"]

1. d4 d5 2. c4 c6 3. cxd5 cxd5 4. Nc3 Nf6 5. Nf3 Nc6 6. Bf4 Bf5 7. e3 e6 8. Qb3
Bb4 9. Bb5 O-O 10. Bxc6 Bxc3+ 11. Qxc3 Rc8 12. Ne5 Ng4 13. Nxg4 Bxg4 14. Qb4
Rxc6 15. Qxb7 Rc2 16. O-O Qa8 17. Qxa8 Rxa8 18. f3 Bf5 19. Rf2 Rac8 20. Rxc2
Rxc2 21. b4 Rb2 22. Rc1 Rb1 23. Rxb1 1/2-1/2

[Event "EJCOA Forest Hall IM 2nd"]
[Site "Newcastle"]
[Date "2021.12.21"]
[Round "8.5"]
[White "Eggleston, David J"]
[Black "O'Gorman, Tom"]
[Result "0-1"]
[WhiteElo "2349"]
[BlackElo "2381"]
[PlyCount "64"]
[EventDate "2021.12.17"]
[EventType "tourn"]
[EventRounds "9"]
[EventCountry "ENG"]
[Tiebreak "Direct encounter+Number of wins+Koya"]
[SourceTitle "BritBase"]
[Source "John Saunders"]
[SourceDate "2021.06.05"]
[SourceVersion "1"]
[SourceVersionDate "2021.06.05"]
[SourceQuality "1"]

1. e4 c5 2. Nf3 d6 3. d4 cxd4 4. Nxd4 Nf6 5. Nc3 a6 6. Be2 e6 7. O-O Be7 8. a4
O-O 9. f4 Nc6 10. Be3 Bd7 11. Nb3 e5 12. Kh1 exf4 13. Bxf4 Re8 14. Qe1 Ne5 15.
Qg3 Ng6 16. Bxd6 Bxd6 17. Qxd6 Nxe4 18. Nxe4 Rxe4 19. Bf3 Re6 20. Qg3 Bc6 21.
Nc5 Re3 22. Qf2 Rxf3 23. gxf3 Qf6 24. c3 Nh4 25. Qg3 Nxf3 26. Rf2 Re8 27. Kg2
h5 28. Kf1 h4 29. Qg2 Qf5 30. b4 b6 31. Nxa6 Qd3+ 32. Re2 Nd4 0-1

[Event "EJCOA Forest Hall IM 2nd"]
[Site "Newcastle"]
[Date "2021.12.21"]
[Round "9.1"]
[White "O'Gorman, Tom"]
[Black "Blackburn, Jonathan LB"]
[Result "0-1"]
[WhiteElo "2381"]
[BlackElo "2226"]
[PlyCount "88"]
[EventDate "2021.12.17"]
[EventType "tourn"]
[EventRounds "9"]
[EventCountry "ENG"]
[Tiebreak "Direct encounter+Number of wins+Koya"]
[SourceTitle "BritBase"]
[Source "John Saunders"]
[SourceDate "2021.06.05"]
[SourceVersion "1"]
[SourceVersionDate "2021.06.05"]
[SourceQuality "1"]

1. d4 Nf6 2. Nf3 g6 3. g3 Bg7 4. Bg2 d6 5. O-O O-O 6. b3 c6 7. Bb2 a5 8. a3 Bf5
9. Nh4 Qc8 10. Nxf5 Qxf5 11. Nd2 d5 12. Re1 Ne4 13. Nxe4 dxe4 14. e3 Nd7 15. c4
Nc5 16. Bf1 Ne6 17. Qe2 Ng5 18. Bg2 h5 19. h4 Nf3+ 20. Bxf3 exf3 21. Qf1 Qc2
22. Rab1 Rfd8 23. Ba1 Rd6 24. c5 Re6 25. Rbd1 Qf5 26. Kh2 Rd8 27. Qh3 Qc2 28.
Qf1 Qf5 29. Qh3 Qe4 30. Rg1 Qc2 31. Rgf1 Rxe3 32. g4 Re2 33. Qxf3 hxg4 34. Qxg4
Rxf2+ 35. Kh1 Rxf1+ 36. Rxf1 Qxb3 37. h5 Qd5+ 38. Kg1 Bxd4+ 39. Bxd4 Qxd4+ 40.
Qxd4 Rxd4 41. hxg6 Rg4+ 42. Kh2 Rxg6 43. Rb1 e6 44. Rxb7 Rg5 0-1

[Event "EJCOA Forest Hall IM 2nd"]
[Site "Newcastle"]
[Date "2021.12.21"]
[Round "9.2"]
[White "Wadsworth, Matthew J"]
[Black "Eggleston, David J"]
[Result "1-0"]
[WhiteElo "2420"]
[BlackElo "2349"]
[PlyCount "73"]
[EventDate "2021.12.17"]
[EventType "tourn"]
[EventRounds "9"]
[EventCountry "ENG"]
[Tiebreak "Direct encounter+Number of wins+Koya"]
[SourceTitle "BritBase"]
[Source "John Saunders"]
[SourceDate "2021.06.05"]
[SourceVersion "1"]
[SourceVersionDate "2021.06.05"]
[SourceQuality "1"]

1. Nf3 Nf6 2. g3 e6 3. Bg2 d5 4. O-O Be7 5. c4 O-O 6. b3 d4 7. e3 c5 8. exd4
cxd4 9. d3 Nc6 10. Re1 Re8 11. Ba3 Bxa3 12. Nxa3 e5 13. c5 Qa5 14. Nc4 Qxc5 15.
Rc1 Qb4 16. a3 Qf8 17. b4 Bg4 18. h3 Bxf3 19. Qxf3 Rad8 20. b5 e4 21. Qf4 Nd5
22. Qh4 Ne5 23. Bxe4 g6 24. Bxd5 Rxd5 25. Nxe5 Rdxe5 26. Rxe5 Rxe5 27. Qxd4
Rxb5 28. Qd7 Rc5 29. Re1 Rc8 30. Qxb7 a5 31. Re7 Rd8 32. Qe4 h5 33. Qe5 Kh7 34.
Qf6 Kg8 35. Rxf7 Qxf7 36. Qxd8+ Kh7 37. Qxa5 1-0

[Event "EJCOA Forest Hall IM 2nd"]
[Site "Newcastle"]
[Date "2021.12.21"]
[Round "9.3"]
[White "Bradbury, Neil H"]
[Black "Kanyamarala, Tarun"]
[Result "0-1"]
[WhiteElo "2241"]
[BlackElo "2377"]
[PlyCount "48"]
[EventDate "2021.12.17"]
[EventType "tourn"]
[EventRounds "9"]
[EventCountry "ENG"]
[Tiebreak "Direct encounter+Number of wins+Koya"]
[SourceTitle "BritBase"]
[Source "John Saunders"]
[SourceDate "2021.06.05"]
[SourceVersion "1"]
[SourceVersionDate "2021.06.05"]
[SourceQuality "1"]

1. d4 f5 2. g3 Nf6 3. Bg2 g6 4. Nf3 Bg7 5. O-O O-O 6. c4 d6 7. Nc3 c6 8. b3 Na6
9. Bb2 Qc7 10. e3 e5 11. d5 e4 12. Ne1 Bd7 13. f4 exf3 14. Bxf3 Rae8 15. Ng2
Ne4 16. Bxe4 fxe4 17. Rxf8+ Rxf8 18. Qd2 Nc5 19. Nf4 g5 20. b4 gxf4 21. bxc5
fxe3 22. Qxe3 dxc5 23. Rd1 Bh3 24. Qg5 Qf7 0-1

[Event "EJCOA Forest Hall IM 2nd"]
[Site "Newcastle"]
[Date "2021.12.21"]
[Round "9.4"]
[White "Willow, Jonah B"]
[Black "Claridge-Hansen, William"]
[Result "0-1"]
[WhiteElo "2381"]
[BlackElo "2296"]
[PlyCount "112"]
[EventDate "2021.12.17"]
[EventType "tourn"]
[EventRounds "9"]
[EventCountry "ENG"]
[Tiebreak "Direct encounter+Number of wins+Koya"]
[SourceTitle "BritBase"]
[Source "John Saunders"]
[SourceDate "2021.06.05"]
[SourceVersion "1"]
[SourceVersionDate "2021.06.05"]
[SourceQuality "1"]

1. e4 d5 2. exd5 Qxd5 3. Nc3 Qd6 4. d4 Nf6 5. Nf3 c6 6. Ne5 Nbd7 7. f4 Nb6 8.
g4 g6 9. Bg2 Be6 10. O-O Rd8 11. f5 gxf5 12. gxf5 Bc4 13. Nxc4 Nxc4 14. b3 Nb6
15. Ne2 Nbd5 16. h3 Nh5 17. c4 Ndf6 18. Qe1 Rg8 19. Be3 Ne4 20. Qh4 Neg3 21.
Nxg3 Qxg3 22. Qxg3 Rxg3 23. Kf2 Bg7 24. Rad1 Bf6 25. Rg1 Bh4 26. Ke2 Kd7 27.
Bf3 Rxg1 28. Rxg1 Ng3+ 29. Kd3 h5 30. f6 e5 31. d5 e4+ 32. Bxe4 Nxe4 33. Kxe4
Re8+ 34. Kd3 cxd5 35. cxd5 Re5 36. Bxa7 Rxd5+ 37. Kc4 Ra5 38. Bd4 Rxa2 39. Rg8
Ke6 40. Re8+ Kf5 41. Re7 Kg6 42. Rxb7 Rh2 43. b4 Rxh3 44. b5 Rh1 45. Rb8 Rc1+
46. Kd5 Rd1 47. Rg8+ Kf5 48. Rg2 Be1 49. Kc4 h4 50. Ba7 h3 51. Rg1 Rc1+ 52. Kd3
Rc3+ 53. Ke2 Bg3 54. b6 Rb3 55. b7 h2 56. Rf1+ Kg4 0-1